Estudio comparativo de las propiedades físicas y mecánicas de unidades de bloques de concreto con unidades de bloques de mortero
Es por ello, que se desarrolla el “Estudio comparativo de las propiedades físicas y mecánicas de unidades de bloques de concreto con unidades de bloques de mortero” cuyo objetivo es presentar una propuesta de fabricación de bloques incorporando a la mezcla grava de 3/8” y comparar su comportamien...
| Main Authors: | , |
|---|---|
| Other Authors: | |
| Format: | Tesis Section = Libro |
| Language: | Undetermined Spanish |
| Published: |
Managua
UNI
2019
|
| Subjects: |
| LEADER | 01382nam a2200277Ia 4500 | ||
|---|---|---|---|
| 008 | 240830s9999 xx 000 0 und d | ||
| 040 | |a BIBLIOTECA-RUPAP Mon 693.1 R618 | ||
| 041 | |a spa | ||
| 082 | |a Mon 693.1 R618 | ||
| 100 | 1 | |a Rivas Vega, Jorge Luis | |
| 100 | 1 | |b Rivera Martínez, Karla Lissette | |
| 245 | 1 | 0 | |a Estudio comparativo de las propiedades físicas y mecánicas de unidades de bloques de concreto con unidades de bloques de mortero |
| 260 | |a Managua |b UNI |c 2019 | ||
| 300 | |a 108 p. :il | ||
| 500 | |a Contiene: anexos y CD. | ||
| 502 | |a Tesis (Ingeniero Civil)- UNI, 2019. | ||
| 520 | 3 | |a Es por ello, que se desarrolla el “Estudio comparativo de las propiedades físicas y mecánicas de unidades de bloques de concreto con unidades de bloques de mortero” cuyo objetivo es presentar una propuesta de fabricación de bloques incorporando a la mezcla grava de 3/8” y comparar su comportamiento con bloques elaborados a base de mezclas de mortero. El propósito es generar un elemento (bloque) que cumpla con los requerimientos establecidos por las normativas nacionales. | |
| 650 | 7 | |a MAMPOSTERIA | |
| 650 | 7 | |b BLOQUES DE HORMIGON | |
| 650 | 7 | |c MATERIALES DE CONSTRUCCION –NICARAGUA | |
| 650 | 7 | |d BLOQUES-FABRICACION | |
| 650 | 7 | |e BLOQUES-ANALISIS | |
| 700 | 1 | |a Tutor: |b Lindo O´connors, Silvia | |
| 942 | |c BK |2 ddc | ||
| 991 | |a TESIS | ||
| 999 | |c 17894 | ||